[Event "Individual Zaragoza Primera 2015"]
[Site ""]
[Date "2015.11.29"]
[Round "9.12"]
[White "Abad Viñas José Manuel"]
[Black "Abenia Porroche Roberto"]
[Result "1-0"]
[WhiteElo "1810"]
[BlackElo "1634"]

1.e4 Nf6 2.Nc3 e5 3.Bc4 Bc5 4.d3 O-O 5.f4 exf4 6.Bxf4 d6 7.Nf3 Nc6 8.Qd2 Na5
9.O-O-O a6 10.Bg5 c6 11.e5 dxe5 12.Bxf6 Nxc4 13.dxc4 Qxd2+ 14.Rxd2 gxf6 15.Re2
Bf5 16.Ne4 Bxe4 17.Rxe4 b5 18.Rf1 Rfe8 19.Nh4 Re6 20.Nf5 Kh8 21.Rd1 Ree8 22.
Rd7 Rf8 23.c3 Rad8 24.Rc7 Rc8 25.Rxc8 Rxc8 26.b4 Bf8 27.c5 Rd8 28.Kc2 h6 29.
Re3 Kh7 30.Rd3 Rxd3 31.Kxd3 Kg6 32.Ke4 h5 33.h4 Bh6 34.Ne7+ Kh7 35.Nxc6 Bd2
36.Nd8 1-0

[Event "Individual Zaragoza Primera 2015"]
[Site ""]
[Date "2015.11.29"]
[Round "9.13"]
[White "Balaban Adrian"]
[Black "Pintanel Torres Manuel"]
[Result "1-0"]
[WhiteElo "1690"]
[BlackElo "1551"]

1.Nf3 d5 2.g3 Nf6 3.Bg2 Bf5 4.O-O e6 5.d3 Nbd7 6.Nh4 Bg4 7.h3 Bh5 8.b3 Bd6 9.
Bb2 c6 10.Nd2 Qb6 11.Kh1 Qc7 12.Qe1 O-O-O 13.c4 Rhg8 14.cxd5 exd5 15.Nf5 Rde8
16.Nxd6+ Qxd6 17.e4 Bg6 18.f4 dxe4 19.dxe4 Nxe4 20.Nc4 Qc7 21.Rd1 Nec5 22.Nd6+
Kd8 23.Nxe8 Rxe8 24.Qb4 Nd3 25.Qd4 Kc8 26.Rxd3 Bxd3 27.Qxd3 Qa5 28.a4 g6 29.
Bc3 Qb6 30.b4 Re3 31.Qd4 Rxg3 32.Rf3 Rxf3 33.Bxf3 c5 34.bxc5 Qxc5 35.Bxb7+ Kc7
36.Bd5 Qxd4 37.Bxd4 Kd6 38.Bxf7 Nc5 39.Bxc5+ Kxc5 40.Kg2 Kb4 41.Be8 Kc5 42.Kf3
Kd6 43.Kg4 Ke6 44.Kg5 Ke7 45.Bb5 Kf7 46.Kh6 Kf6 47.Bd7 a5 48.Kxh7 g5 49.f5 Kf7
50.Kh6 Kf6 51.Be6 1-0

[Event "Individual Zaragoza Primera 2015"]
[Site ""]
[Date "2015.11.29"]
[Round "9.14"]
[White "Vallejo Blasco Arturo"]
[Black "Arteaga Jimenez Francisco"]
[Result "1/2-1/2"]
[WhiteElo "1662"]
[BlackElo "1622"]

1.d4 Nf6 2.Nf3 g6 3.Bg5 Bg7 4.Nc3 d6 5.e4 O-O 6.Qd2 Re8 7.Bh6 Bh8 8.h4 c6 9.
Qg5 Ng4 10.h5 Nxh6 11.Qxh6 Bg7 12.Qd2 Nd7 13.hxg6 hxg6 14.Bc4 e6 15.O-O-O b5
16.Be2 Nb6 17.Ng5 b4 18.Nb1 a5 19.Qf4 Ra7 20.e5 dxe5 21.dxe5 Nd5 22.Qg3 Qb6
23.Ne4 a4 24.Rxd5 exd5 25.Nf6+ Kf8 26.Nxe8 Kxe8 27.Qf4 Qb8 28.Qe3 b3 29.Rh7
Kf8 30.axb3 axb3 31.cxb3 Ra1 32.Kc2 Rxb1 33.Kxb1 Qxe5 34.Qxe5 Bxe5 35.Rh1 Ke7
36.Bd3 Kd6 37.Kc2 c5 38.Re1 Be6 39.Rd1 Kc6 40.Re1 Kd6 41.Rd1 Bd4 42.Rd2 g5 43.
f3 f5 44.Rd1 Be3 45.Ra1 Ke5 46.Re1 f4 47.Bb5 Kd6 48.Bd3 Kc7 49.Rh1 g4 50.fxg4
Bxg4 51.Rh4 Be6 52.Rh6 Kd7 53.Rh7+ Kd6 54.Rh6 Ke7 1/2-1/2

[Event "Individual Zaragoza Primera 2015"]
[Site ""]
[Date "2015.11.29"]
[Round "9.15"]
[White "Gimeno Royo José Andrés"]
[Black "Marín Fuertes Angel Maria"]
[Result "0-1"]
[WhiteElo "1694"]
[BlackElo "1871"]

1.d4 Nf6 2.Nf3 e6 3.Bf4 d5 4.e3 Be7 5.Bd3 O-O 6.O-O Nbd7 7.Nbd2 c5 8.c3 c4 9.
Bc2 b5 10.e4 dxe4 11.Nxe4 Bb7 12.Nd6 Bc6 13.Re1 Qc7 14.Nf5 Qd8 15.Nxe7+ Qxe7
16.Ne5 Bb7 17.Bg5 Qd6 18.Nxd7 Nxd7 19.Qh5 f5 20.Re3 Nf6 21.Bxf6 Rxf6 22.Qe2
Rh6 23.h3 Rg6 24.Re1 Bxg2 25.Rg3 Rxg3 26.fxg3 Bd5 27.Qf2 Rf8 28.Re5 a6 29.Qf4
Qd7 30.Bd1 Qf7 31.Re3 Qd7 32.a3 Qd8 33.Bf3 Bxf3 34.Qxf3 Qd6 35.Re5 g6 36.Rc5
Qd7 37.Rc6 a5 38.Rc5 Rb8 39.Qf4 Rc8 40.b4 cxb3 0-1

[Event "Individual Zaragoza Primera 2015"]
[Site ""]
[Date "2015.11.29"]
[Round "9.16"]
[White "Budria Gimenez Daniel"]
[Black "Rubio Tello Abel"]
[Result "1/2-1/2"]
[WhiteElo "1681"]
[BlackElo "1864"]

1.d4 f5 2.c4 Nf6 3.Nf3 g6 4.Nc3 Bg7 5.g3 O-O 6.Bg2 c6 7.O-O d6 8.Bg5 Qe8 9.Qd2
Na6 10.Bh6 Nc7 11.Bxg7 Kxg7 12.Ng5 h6 13.Nh3 e5 14.dxe5 dxe5 15.Rad1 Rf7 16.
Qc2 Be6 17.b3 g5 18.f4 exf4 19.gxf4 Ng4 20.fxg5 hxg5 21.Qd2 f4 22.Nxg5 Rf5 23.
Qd4+ Kh6 24.Nce4 Qh5 25.Nh3 Raf8 26.Nd6 R5f6 27.Rd3 c5 28.Qe4 Bg8 29.Qe7 Ne6
30.Ne4 Rf5 31.Nd6 Re5 32.Rd5 Ne3 33.Rxe5 Qxe5 34.Qh4+ Kg7 35.Ne4 Nxf1 36.Qg4+
Kh8 37.Nhg5 Nxg5 38.Nxg5 Qd4+ 39.Kxf1 Qa1+ 40.Kf2 Qd4+ 41.Kf1 Bh7 42.Qh5 Qg7
43.Ne6 Qf7 44.Qe5+ Qf6 45.Qxf6+ Rxf6 46.Nxc5 b6 47.Nd3 Rd6 48.Bd5 Bxd3 49.exd3
Kg7 50.Kf2 a5 51.Kf3 Rf6 52.Be4 Kf7 53.d4 Ke7 54.c5 bxc5 55.dxc5 Ke6 56.c6 Kd6
57.a3 Kc7 58.b4 axb4 59.axb4 Kb6 60.Kg4 Rf7 61.h4 Kb5 62.h5 Kxb4 63.h6 Kc5 64.
h7 1/2-1/2

[Event "Individual Zaragoza Primera 2015"]
[Site ""]
[Date "2015.11.29"]
[Round "9.17"]
[White "Glaria Tevar Salvador"]
[Black "Ibañez Lasheras Ramon"]
[Result "1/2-1/2"]
[WhiteElo "1846"]
[BlackElo "1680"]

1.Nf3 Nf6 2.g3 d5 3.Bg2 g6 4.O-O Bg7 5.d3 O-O 6.c4 c6 7.Qc2 Nbd7 8.Bd2 Re8 9.
cxd5 cxd5 10.Bc3 e5 11.e4 d4 12.Bb4 a5 13.Ba3 b5 14.b4 a4 15.Bb2 Bb7 16.Na3
Rc8 17.Qd2 Ba6 18.h3 Qe7 19.Rfc1 Bf8 20.Nc2 Rc7 21.a3 Rec8 22.Nce1 Qe8 23.Rxc7
Rxc7 24.Rc1 Qc8 25.Rxc7 Qxc7 26.Qc1 Qxc1 27.Bxc1 1/2-1/2

[Event "Individual Zaragoza Primera 2015"]
[Site ""]
[Date "2015.11.29"]
[Round "9.18"]
[White "Garcia Artal Obdulio"]
[Black "Teresa Moya Alejandro"]
[Result "1/2-1/2"]
[WhiteElo "1643"]
[BlackElo "1751"]

1.d4 f5 2.c4 Nf6 3.Nc3 e6 4.Nf3 Be7 5.e3 O-O 6.Be2 b6 7.O-O Bb7 8.Bd2 d6 9.a3
Nbd7 10.b4 c5 11.dxc5 dxc5 12.b5 Ne4 13.Nxe4 Bxe4 14.Bc3 Qc7 15.Nd2 Bb7 16.Bf3
Rfd8 17.Qc2 Bf6 1/2-1/2

[Event "Individual Zaragoza Primera 2015"]
[Site ""]
[Date "2015.11.29"]
[Round "9.19"]
[White "Manguez Tomas Andres"]
[Black "Molla Lorente Joaquin"]
[Result "1-0"]
[WhiteElo "1744"]
[BlackElo "1666"]

1.e4 e6 2.d4 d5 3.e5 c5 4.c3 Nc6 5.f4 Qb6 6.Nf3 f6 7.Be2 cxd4 8.cxd4 fxe5 9.
fxe5 Nge7 10.Nc3 Nf5 11.Bb5 Bd7 12.Bxc6 bxc6 13.O-O Be7 14.Kh1 O-O 15.Na4 Qc7
16.Qc2 Be8 17.b3 Bg6 18.Qc3 a5 19.Nc5 Nh4 20.Nxe6 Qb7 21.Nxf8 Rxf8 22.Bb2 Qb5
23.Kg1 Bd3 24.Rf2 Bb4 25.Qc1 Nf5 26.Ba3 Qb6 27.Bxb4 axb4 28.Qb2 g6 29.Rc1 Ng7
30.Ng5 Nf5 31.Rc5 Re8 32.Nf3 Ng7 33.Qc1 Bb5 34.Ng5 h6 35.Nf7 1-0

[Event "Individual Zaragoza Primera 2015"]
[Site ""]
[Date "2015.11.29"]
[Round "9.20"]
[White "Pellicer Sancho Rafael José"]
[Black "Salas Calvo Alberto"]
[Result "1-0"]
[WhiteElo "1739"]
[BlackElo "1670"]

1.d4 d6 2.e4 Nf6 3.Bd3 e5 4.d5 Nbd7 5.Be3 a5 6.Nd2 Be7 7.h3 O-O 8.Ngf3 b6 9.
O-O Nc5 10.Bxc5 bxc5 11.Qe2 Nh5 12.Bb5 Nf4 13.Qe3 Bg5 14.Kh2 Nxh3 15.Nxg5 Nxg5
16.f4 exf4 17.Rxf4 f5 18.e5 dxe5 19.Qxe5 Qd6 20.Re1 Nf7 21.Qxd6 cxd6 22.Re7
Ne5 23.Rc7 Rb8 24.a4 Rb7 25.Rxb7 Bxb7 26.c4 Nd3 27.Rf3 Ne5 28.Rf4 Nd3 29.Rf1
Nxb2 30.Nb3 Nd3 31.Nxa5 Bc8 32.Nc6 g6 33.a5 Ne5 34.a6 Nxc6 35.dxc6 Rf7 36.Rd1
Ra7 37.Rxd6 Bxa6 38.Bxa6 Rxa6 39.Rd8+ Kf7 40.c7 1-0

[Event "Individual Zaragoza Primera 2015"]
[Site ""]
[Date "2015.11.29"]
[Round "9.21"]
[White "Gaston Cabello Jorge"]
[Black "Vallejo Blasco Marta"]
[Result "1-0"]
[WhiteElo "1731"]
[BlackElo "1471"]

1.d4 d5 2.Bf4 Nf6 3.e3 Nbd7 4.Bd3 e6 5.Nf3 c5 6.c3 a6 7.Nbd2 b5 8.h3 Bb7 9.O-O
Be7 10.a4 c4 11.Bc2 b4 12.cxb4 Bxb4 13.Ne5 Nxe5 14.dxe5 Nd7 15.Nf3 h6 16.Nd4
Rc8 17.Qg4 g5 18.Bh2 h5 19.Qe2 Qe7 20.f4 Nc5 21.fxg5 Qxg5 22.Rf3 Ne4 23.Raf1
Rc7 24.Bxe4 dxe4 25.Rf6 Rh7 26.Nxe6 fxe6 27.Rxe6+ Rhe7 28.Ref6 Rg7 29.Bf4 Qh4
30.Rf8+ Bxf8 31.e6 Rc8 32.Bh6 Rg8 33.Rf4 Qxh3 34.Rxf8+ Ke7 35.Rf7+ Ke8 36.Rxb7
Qxe6 37.Qxh5+ Rg6 38.Bg5 Qg8 39.Rb6 1-0

[Event "Individual Zaragoza Primera 2015"]
[Site ""]
[Date "2015.11.29"]
[Round "9.22"]
[White "Castera Montagud Rafael"]
[Black "Miranda Herrera Jorge Manuel"]
[Result "0-1"]
[WhiteElo "1727"]
[BlackElo "1574"]

1.d4 d5 2.c4 c6 3.Nc3 Nf6 4.Bf4 g6 5.e3 Bg7 6.h3 O-O 7.Nf3 Bf5 8.Qb3 Qb6 9.c5
Qxb3 10.axb3 Nbd7 11.Be2 Rfe8 12.O-O Ne4 13.Nxe4 Bxe4 14.Nd2 e5 15.Nxe4 exf4
16.Nd6 Re7 17.Rae1 fxe3 18.fxe3 Rxe3 19.Rxf7 Bxd4 20.Kh1 Nxc5 21.b4 Ne4 22.
Nxe4 Kxf7 23.Rf1+ Kg7 24.Ng5 Rf8 25.Bf3 h6 26.Rd1 Bxb2 27.Rd2 Re1+ 0-1

[Event "Individual Zaragoza Primera 2015"]
[Site ""]
[Date "2015.11.29"]
[Round "9.23"]
[White "Redolar Cortes Angel"]
[Black "Galvez Longas Isaac"]
[Result "1/2-1/2"]
[WhiteElo "1567"]
[BlackElo "1718"]

1.e4 c6 2.d4 d5 3.e5 c5 4.c3 Nc6 5.Nf3 Bg4 6.Bb5 Bxf3 7.Qxf3 e6 8.O-O Qb6 9.
Bxc6+ bxc6 10.Rd1 cxd4 11.cxd4 Ne7 12.Nc3 Nf5 13.Ne2 Be7 14.b3 O-O 15.Be3 Nxe3
16.fxe3 f6 17.Qh3 f5 18.Nf4 c5 19.Rac1 cxd4 20.exd4 Bg5 21.Qf3 Bxf4 22.Qxf4
Rac8 1/2-1/2

[Event "Individual Zaragoza Primera 2015"]
[Site ""]
[Date "2015.11.29"]
[Round "9.24"]
[White "Lanaspa Ballesteros Federico"]
[Black "Arias Alvarez Alberto"]
[Result "0-1"]
[WhiteElo "1476"]
[BlackElo "1785"]

1.e4 c6 2.Nc3 d5 3.Nf3 g6 4.e5 Bg7 5.d4 Nh6 6.h3 O-O 7.Bf4 f6 8.Qd2 Nf7 9.Bd3
fxe5 10.dxe5 c5 11.e6 Bxe6 12.Nb5 Nd6 13.Ng5 Bc8 14.O-O Nxb5 15.Bxb5 a6 16.Be2
e5 17.Bh2 Nc6 18.Nf3 e4 19.Ne1 Nd4 20.Bg4 Bxg4 21.hxg4 Qh4 22.c3 Bh6 23.Bg3
Bxd2 24.Bxh4 Ne2+ 25.Kh1 g5 26.Rd1 gxh4 27.Rxd2 Ng3+ 28.Kg1 e3 0-1

[Event "Individual Zaragoza Primera 2015"]
[Site ""]
[Date "2015.11.29"]
[Round "9.26"]
[White "Manguez Cambra José Luis"]
[Black "Martinez Saenz Esteban"]
[Result "1-0"]
[WhiteElo "1712"]
[BlackElo "1761"]

1.d4 g6 2.e4 Bg7 3.f4 d6 4.Nf3 a6 5.a4 b6 6.Bc4 e6 7.O-O Bb7 8.f5 Bxe4 9.fxe6
f5 10.Ng5 d5 11.Bb3 Nf6 12.Nf7 Qe7 13.Nxh8 Bxh8 14.Bf4 Nc6 15.c3 O-O-O 16.Qe2
Kb7 17.Nd2 Qxe6 18.Nc4 g5 19.Be5 Nxe5 20.Nxe5 Nd7 21.Nd3 a5 22.Ba2 Re8 23.Rae1
c5 24.dxc5 Ne5 25.Nxe5 Bxe5 26.Qb5 Qc6 27.Qxc6+ Kxc6 28.cxb6 Kxb6 29.Bb1 Kc5
30.Bxe4 fxe4 31.Rf5 h6 32.g3 Bd6 33.Rd1 Re5 34.Rxe5 Bxe5 35.b4+ axb4 36.cxb4+
Kxb4 37.Rxd5 Bc3 38.Kf1 Kxa4 39.Ke2 Kb3 40.Ke3 Kc4 41.Kxe4 Be1 42.g4 Bf2 43.
Rd6 Bg1 44.Rxh6 Bf2 45.Kf5 Be3 46.Rg6 1-0

[Event "Individual Zaragoza Primera 2015"]
[Site ""]
[Date "2015.11.29"]
[Round "9.28"]
[White "Nuñez Gonzalez Victor Antonio"]
[Black "Argueso Palomino Manuel"]
[Result "1-0"]
[WhiteElo "1824"]
[BlackElo "1709"]

1.d4 d5 2.c4 c6 3.e3 Nf6 4.Nc3 Nbd7 5.Nf3 e6 6.c5 e5 7.b4 e4 8.Nd2 b6 9.Nb3 a5
10.b5 Bb7 11.Na4 Be7 12.Be2 O-O 13.O-O Ne8 14.Bd2 Qc8 15.Rc1 bxc5 16.dxc5 cxb5
17.Bxb5 Bc6 18.Nb6 Nxb6 19.cxb6 Bxb5 20.Rxc8 Rxc8 21.Re1 a4 22.Nd4 Bd7 23.Qh5
Nf6 24.Qe5 Rfe8 25.b7 Rb8 26.Qc7 Bc5 27.Qxc5 Rxb7 28.Rc1 h6 29.h3 Rb2 30.Rc2
Rb1+ 31.Kh2 Rf1 32.Bc3 Rb1 33.Nc6 Kh7 34.Bxf6 Re6 35.Qxd5 Bxc6 36.Rxc6 1-0

[Event "Individual Zaragoza Primera 2015"]
[Site ""]
[Date "2015.11.29"]
[Round "9.29"]
[White "Enguita Ibarra Hugo"]
[Black "Pascual Sese Lucas"]
[Result "1-0"]
[WhiteElo "1506"]
[BlackElo "1755"]

1.e4 e6 2.d4 d5 3.exd5 exd5 4.c4 c6 5.Nd2 Nf6 6.Ngf3 Be6 7.b3 Nbd7 8.Bb2 Bb4
9.a3 Ba5 10.b4 Bc7 11.Rc1 Qe7 12.Be2 O-O 13.O-O h6 14.Qb3 a6 15.Rfe1 Bf4 16.g3
Bc7 17.Bf1 Nh7 18.cxd5 1-0

[Event "Individual Zaragoza Primera 2015"]
[Site ""]
[Date "2015.11.29"]
[Round "9.30"]
[White "Sedano Jover Adrián"]
[Black "Lozano Velez De Mendizabal Francisco"]
[Result "1/2-1/2"]
[WhiteElo "1534"]
[BlackElo "1694"]

1.d4 d5 2.Nf3 Nf6 3.c4 e6 4.Nc3 Be7 5.Bg5 O-O 6.e3 h6 7.Bh4 b6 8.cxd5 Nxd5 9.
Bxe7 Qxe7 10.Nxd5 exd5 11.Bd3 c5 12.b3 Nc6 13.dxc5 bxc5 14.O-O Bb7 15.Re1 Ne5
16.Nxe5 Qxe5 17.Qc2 Rac8 1/2-1/2

[Event "Individual Zaragoza Primera 2015"]
[Site ""]
[Date "2015.11.29"]
[Round "9.31"]
[White "Muro Guerrero Miguel"]
[Black "Navarro Rubio Rafael"]
[Result "1-0"]
[WhiteElo "1664"]
[BlackElo "1595"]

1.e4 c5 2.Nf3 a6 3.d4 cxd4 4.Nxd4 Nf6 5.Nc3 e5 6.Nf3 Nc6 7.Bc4 Bb4 8.O-O Bxc3
9.bxc3 Nxe4 10.Qd5 O-O 11.Qxe4 Qc7 12.Ng5 g6 13.Qh4 h5 14.Ba3 d6 15.Rad1 Na5
16.Bd5 Bg4 17.f3 Bf5 18.Bxd6 Qxc3 19.Bxf8 Rxf8 20.Qf2 Kg7 21.Be4 f6 22.Bxf5
fxg5 23.Be4 g4 24.Qd2 Qa3 25.Qd7+ Rf7 26.Qe6 Qc3 27.Qxg6+ 1-0

[Event "Individual Zaragoza Primera 2015"]
[Site ""]
[Date "2015.11.29"]
[Round "9.32"]
[White "Laborda Perez José Antonio"]
[Black "Requena Briones Rafael Marian"]
[Result "1/2-1/2"]
[WhiteElo "1588"]
[BlackElo "1615"]

1.d4 Nf6 2.Nf3 d5 3.Bf4 g6 4.e3 Bg7 5.Be2 O-O 6.O-O Nbd7 7.Nbd2 Re8 8.h3 c5 9.
c4 cxd4 10.exd4 dxc4 11.Bxc4 Nb6 12.Bb5 Bd7 13.Bxd7 Nbxd7 14.Rc1 Nd5 15.Bg3
N7f6 16.a3 b5 17.Re1 Rc8 18.Nb3 Rxc1 19.Qxc1 Qc8 20.Qd2 e6 21.Nc5 1/2-1/2

[Event "Individual Zaragoza Primera 2015"]
[Site ""]
[Date "2015.11.29"]
[Round "9.33"]
[White "Perez Bella José Maria"]
[Black "Llucia Marco Luis"]
[Result "1/2-1/2"]
[WhiteElo "1604"]
[BlackElo "1583"]

1.Nc3 Nf6 2.d4 d5 3.Bg5 e6 4.Nf3 Be7 5.e3 O-O 6.Bd3 Nfd7 7.Bf4 c5 8.O-O c4 9.
Be2 a6 10.e4 Nf6 11.exd5 exd5 12.b3 b5 13.Ne5 Bb4 14.Nb1 Bb7 15.c3 Bd6 16.h3
Re8 17.Bh2 Nbd7 18.Nxd7 Bxh2+ 19.Kxh2 Qxd7 20.Nd2 Re6 21.Bg4 Nxg4+ 22.Qxg4 Qe7
23.Nf3 Re8 24.Ng5 Re2 25.Kg1 h6 26.Nf3 1/2-1/2

[Event "Individual Zaragoza Primera 2015"]
[Site ""]
[Date "2015.11.29"]
[Round "9.34"]
[White "Lorente Latorre Antonio"]
[Black "Miranda Herrera Miguel"]
[Result "1-0"]
[WhiteElo "1632"]
[BlackElo "1318"]

1.e4 d6 2.d4 Nf6 3.Nc3 g6 4.Nf3 Bg7 5.Be3 O-O 6.Bc4 Nxe4 7.Bxf7+ Rxf7 8.Nxe4
Bg4 9.Neg5 Rf8 10.h3 Bf5 11.Nh4 Bd7 12.Qd2 Nc6 13.c3 e5 14.dxe5 Nxe5 15.Nhf3
Nc4 16.Qd5+ Kh8 17.Qxc4 b5 18.Qd5 Rf5 19.Nf7+ Rxf7 20.Qxf7 c6 21.O-O a5 22.Bd4
Bxd4 23.Nxd4 Qc8 24.Qf6+ Kg8 25.Rae1 Bxh3 26.Re7 1-0

[Event "Individual Zaragoza Primera 2015"]
[Site ""]
[Date "2015.11.29"]
[Round "9.35"]
[White "Liarte Marinoso Aaron"]
[Black "Sanchez Perez Carlos"]
[Result "1-0"]
[WhiteElo "1656"]
[BlackElo "1534"]

1.e4 c5 2.f4 d6 3.Nf3 Bg4 4.Bc4 Nc6 5.h3 Bd7 6.Nc3 e6 7.O-O Be7 8.d3 a6 9.Qe1
Na5 10.Qg3 g6 11.b3 Nxc4 12.dxc4 Nf6 13.e5 Nh5 14.Qf2 Bc6 15.Be3 b6 16.Rad1 d5
17.cxd5 exd5 18.Ne2 Ng7 19.g4 Qc7 20.Ng5 h6 21.Nf3 O-O-O 22.c3 f5 23.b4 Ne6
24.Nc1 fxg4 25.hxg4 Kb7 26.Nd3 c4 27.Nb2 Rdf8 28.Nd4 Ng5 29.Qh2 Qd7 30.fxg5
hxg5 31.Qg3 Rh4 32.e6 Qd8 33.Rxf8 Qxf8 34.Rf1 Qh6 35.Rf7 b5 36.Rxe7+ 1-0

[Event "Individual Zaragoza Primera 2015"]
[Site ""]
[Date "2015.11.29"]
[Round "9.36"]
[White "Soriano Martinez Adolfo"]
[Black "Arbiol Val Sergio"]
[Result "1-0"]
[WhiteElo "1476"]
[BlackElo "1638"]

1.e4 e5 2.Nf3 Nc6 3.Bc4 Bc5 4.c3 Nf6 5.d4 exd4 6.e5 d5 7.Bb5 Ne4 8.cxd4 Bb6 9.
O-O O-O 10.Bxc6 bxc6 11.h3 c5 12.Nc3 cxd4 13.Nxd4 Qe8 14.Bf4 Bb7 15.Na4 Ba6
16.Nxb6 axb6 17.Re1 c5 18.Nf5 Qd7 19.Nxg7 Kxg7 20.Rxe4 Rad8 21.Re3 f6 22.e6
Qe7 23.Qh5 Rg8 24.Bh6+ Kh8 25.Qf7 Rde8 26.Rae1 d4 27.Rg3 Rxg3 28.fxg3 Bc4 29.
Bg7# 1-0

[Event "Individual Zaragoza Primera 2015"]
[Site ""]
[Date "2015.11.29"]
[Round "9.37"]
[White "Garcia Estruch Mauricio"]
[Black "Maisterra Merino Aaron"]
[Result "1/2-1/2"]
[WhiteElo "1275"]
[BlackElo "1449"]

1.Nf3 Nf6 2.c4 Nc6 3.d4 d5 4.cxd5 Nxd5 5.e4 Nf6 6.Nc3 Bg4 7.Be3 e6 8.Be2 Qd7
9.O-O Be7 10.Qa4 a6 11.Rfe1 O-O 12.a3 b5 13.Qc2 Bxf3 14.Bxf3 Rfd8 15.d5 exd5
16.exd5 Ne5 17.Be2 Bd6 18.h3 h6 1/2-1/2

[Event "Individual Zaragoza Primera 2015"]
[Site ""]
[Date "2015.11.29"]
[Round "9.38"]
[White "Celma Pueyo Ramón"]
[Black "Cortes Sobrevilla Cecilio"]
[Result "1/2-1/2"]
[WhiteElo "1594"]
[BlackElo "1664"]

1.d4 d6 2.Nf3 c6 3.e4 Nd7 4.Nc3 h6 5.Be2 e5 6.dxe5 dxe5 7.O-O Ngf6 8.a3 Qc7 9.
h3 Be7 10.Bc4 Nc5 11.Re1 Be6 12.Bxe6 Nxe6 13.Be3 Nh7 14.Qe2 O-O 15.Red1 a6 16.
Ne1 Rad8 17.Nd3 Nd4 18.Bxd4 Rxd4 19.f3 Rfd8 20.Qf2 b6 21.Kh1 Nf6 22.Ne2 R4d7
23.Ng3 c5 24.Qe2 Nh7 25.Nf5 Bf8 26.Nf2 Rxd1+ 27.Rxd1 g6 28.Rxd8 1/2-1/2

[Event "Individual Zaragoza Primera 2015"]
[Site ""]
[Date "2015.11.29"]
[Round "9.39"]
[White "Sanz Navarro Alberto"]
[Black "Roldan Perez Juan José"]
[Result "0-1"]
[WhiteElo "1600"]
[BlackElo "1573"]

1.e4 e6 2.f4 d5 3.e5 c5 4.Nf3 Nc6 5.c3 Qb6 6.Bd3 Bd7 7.b3 Nge7 8.Bc2 Rc8 9.d3
Nf5 10.O-O g6 11.g4 Ng7 12.Bb2 Be7 13.Na3 h5 14.g5 Nf5 15.Qd2 a6 16.Qf2 Qc7
17.Rac1 b5 18.Nb1 Qb6 19.Rcd1 d4 20.Bc1 Qa5 21.a3 dxc3 22.Qe1 b4 23.a4 Ncd4
24.Nxd4 cxd4 25.Qf2 Qd5 26.Qf3 Qxf3 27.Rxf3 Bc6 28.Rff1 Bc5 29.Rde1 a5 30.Bd1
Bb6 31.Bf3 Bxf3 32.Rxf3 O-O 33.Kf2 Rfe8 34.Re4 Ne3 35.Bxe3 dxe3+ 36.Ke2 c2 37.
Rf1 c1=Q 38.f5 Qc2+ 39.Kf3 0-1

[Event "Individual Zaragoza Primera 2015"]
[Site ""]
[Date "2015.11.29"]
[Round "9.40"]
[White "Reguera Campillo Moises"]
[Black "De Pablo Raga Tomas"]
[Result "1-0"]
[WhiteElo "1593"]
[BlackElo "1567"]

1.e4 c6 2.d4 d5 3.Nc3 dxe4 4.Nxe4 Nd7 5.Nf3 Ngf6 6.Ng3 e6 7.Bd3 Be7 8.O-O h6
9.Ne5 Nxe5 10.dxe5 Nd7 11.Re1 O-O 12.a3 Nb6 13.Be3 Nd5 14.Qd2 Nxe3 15.Qxe3 b6
16.b4 c5 17.Rad1 Qc7 18.Qe4 g6 19.Qxa8 Bb7 20.Qxa7 Ra8 21.Qxb7 Qxb7 22.Be4 Qa7
23.Bxa8 Qxa8 24.Rd7 Bf8 25.bxc5 bxc5 26.Re3 Qc6 27.Ne4 Kg7 28.Nf6 c4 29.Rf3
Qb5 30.h3 Qxe5 31.Ne8+ Kg8 32.Rdxf7 Qe1+ 33.Kh2 Qe5+ 34.g3 Bxa3 35.Rg7+ Kh8
36.Rff7 Qxg7 37.Rxg7 Bb2 38.Rxg6 Bc1 39.Rxe6 c3 40.Re7 Bd2 41.Nf6 1-0